| 000 | 00564nam a2200205Ia 4500 | ||
|---|---|---|---|
| 005 | 20250923144641.0 | ||
| 008 | 008 250917s9999 xx 000 0 eng d | ||
| 037 | _aTextual | ||
| 040 |
_aDSWL _beng _cDSWL |
||
| 041 |
_aeng _2eng |
||
| 084 |
_aL7:4:691, N56;1 _qDSWL |
||
| 100 |
_aKlein, D.B. _9827009 |
||
| 245 | 0 |
_aMental hygiene _cby D.B. Klein |
|
| 260 |
_aNew York _b Henry Holt & Co. _c1956 |
||
| 300 | _axiii,654p. | ||
| 365 |
_aUSD _b5.5 |
||
| 925 | _g5.5 | ||
| 942 |
_cTEXL _hL7:4:691, N56;1 |
||
| 999 |
_c1441626 _d1441626 |
||